<?xml version="1.0" encoding="UTF-8"?>
<marc:record xmlns:marc="http://www.loc.gov/MARC21/slim">
   <marc:leader>00000nam a2200000 a 4500</marc:leader>
   <marc:datafield ind1="1" ind2=" " tag="100">
      <marc:subfield code="a">Michalak, Jamie</marc:subfield>
      <marc:subfield code="4">aut</marc:subfield>
      <marc:subfield code="e">Verfasser/-in</marc:subfield>
   </marc:datafield>
   <marc:datafield ind1="1" ind2=" " tag="100">
      <marc:subfield code="a">Rosendorfer, Laura</marc:subfield>
      <marc:subfield code="4">ill</marc:subfield>
      <marc:subfield code="e">Illustrator/-in</marc:subfield>
   </marc:datafield>
   <marc:datafield ind1="1" ind2=" " tag="100">
      <marc:subfield code="a">Seelow, Anja</marc:subfield>
      <marc:subfield code="4">trl</marc:subfield>
      <marc:subfield code="e">Übersetzer/-in</marc:subfield>
   </marc:datafield>
   <marc:datafield ind1="0" ind2="0" tag="245">
      <marc:subfield code="a">Der berühmt-berüchtigte Talentwettbewerb</marc:subfield>
   </marc:datafield>
   <marc:datafield ind1="0" ind2="0" tag="245">
      <marc:subfield code="c">Jamie Michalak ; aus dem Amerikanischen übersetzt von Anja Seelow</marc:subfield>
   </marc:datafield>
   <marc:datafield ind1=" " ind2="1" tag="264">
      <marc:subfield code="a">Bindlach</marc:subfield>
      <marc:subfield code="b">Loewe</marc:subfield>
      <marc:subfield code="c">2017</marc:subfield>
   </marc:datafield>
   <marc:datafield ind1="1" ind2=" " tag="490">
      <marc:subfield code="a">Susis geniales Leben</marc:subfield>
      <marc:subfield code="v">Band 1</marc:subfield>
   </marc:datafield>
   <marc:datafield ind1=" " ind2=" " tag="250">
      <marc:subfield code="a">1. Auflage</marc:subfield>
   </marc:datafield>
   <marc:datafield ind1="1" ind2=" " tag="520">
      <marc:subfield code="a">Angaben aus der Verlagsmeldung

Susis geniales Leben - Der berühmt-berüchtigte Talentwettbewerb : Band 1 / von Jamie Michalak

Susis Freunde sind ein bisschen … anders. Nicht nur, dass sie alle höchst talentiert, stur und streitlustig sind – nein! – sie sind außerdem allesamt bereits tot.
Denn Susi hat eine Maschine erfunden, mit der sie berühmte verstorbene Persönlichkeiten in die Gegenwart holen kann. Mit ihrer Hilfe meistert Susi schwierige Hausaufgaben, private Probleme und auch modische Fehlgriffe.
Als jedoch der alljährliche Talentwettbewerb ansteht und Susi sich auch noch in ihren neuen Mitschüler Jack verguckt, zählt sie etwas zu sehr auf ihre himmlischen Berater. Und schon bricht das totale Chaos aus!

Der Auftakt zu einer witzigen Mädchen-Reihe ab 11 Jahren, die nicht nur durch Alltagsthemen wie Freundschaft und erste Liebe, sondern auch durch besondere Charaktere wie Coco Chanel oder Sigmund Freud besticht und für beste Unterhaltung sorgt.
</marc:subfield>
   </marc:datafield>
   <marc:datafield ind1=" " ind2=" " tag="020">
      <marc:subfield code="a">9783785583708</marc:subfield>
      <marc:subfield code="9">9783785583708</marc:subfield>
   </marc:datafield>
   <marc:datafield ind1=" " ind2=" " tag="020">
      <marc:subfield code="a">3785583702</marc:subfield>
      <marc:subfield code="9">3785583702</marc:subfield>
   </marc:datafield>
   <marc:datafield ind1=" " ind2=" " tag="041">
      <marc:subfield code="a">ger</marc:subfield>
   </marc:datafield>
   <marc:datafield ind1=" " ind2=" " tag="300">
      <marc:subfield code="a">267 Seiten</marc:subfield>
   </marc:datafield>
</marc:record>
